000
00304nam a2200109Ia 4500
008
220204s9999 xx 000 0 und d
082
_a
663.93
_b
DAV
100
_a
Davids, Kenneth
245
0
_a
Coffee: A guide to buying, brewing and enjoying
260
_a
San Francisco
_b
101 Productions
_c
1976
942
_c
BK
999
_c
39084
_d
39084